<L'> Europe de l'abondance

Gespeichert in:
Bibliographische Detailangaben
1. Verfasser: Hetman, Francois
Format: Buch
Sprache:Französisch
Veröffentlicht: Fayard Sciences et Techniques Humaines 1967
Tags: Tag hinzufügen
Keine Tags, Fügen Sie das erste Tag hinzu!

MARC

LEADER 00000nam a2200000 4500
001 c122060
005 20240226085853.0
041 0 |a fre 
044 |a BE 
245 1 0 |a <L'> Europe de l'abondance  |c Francois Hetman 
264 1 |a Fayard  |b Sciences et Techniques Humaines  |c 1967 
300 |a 318 s. 
100 1 |a Hetman, Francois